00972nam a2200229 i 450000100060000000300090000600500170001500700030003200800410003510000390007624501410011526000660025630000330032259900540035570000250040970000510043470000540048570000410053985200210058099900170060195201240061822446ES-MaACL20250731000433.0t|021203s1871 sp ||||1| spa d0 aDante Alighieri,d1265-132194265713aLa divina comedia / cde Dante Alighieri ; con notas de Paolo Costa adicionadas ; traducida al castellano por Manuel Aranda y Sanjuán. aBarcelona : bLa Ilustración, c1871 (fTip. Jaime Jepús) a546 p., 16 lám. ; c22 cm. aCon grab. xil.: "Sadurní, Tomás, Romen", etc.1 aCosta, Paolo.9410731 aAranda y Sanjuán, Manuel, d1845-19009222951 aSadurní y Deop, Celestino (d1830-1896)91725411 aPedró, Tomás,d1840-18779172542 aES-MaACLjC-3235 c22446d22446 001040708LIBXIXaATENEOMbATENEOMcSPALd2008-01-17eSCl0oC-3235p1023106r2023-02-23 00:00:00w2023-02-23yMONANT